The Missing Word - William Hurt's Movies - Statistics

General Stats
  • This quiz has been taken 18 times
  • The average score is 13 of 15
Answer Stats
Hint Answer % Correct
Lost in ___ Space
100%
Kiss of the ___ Woman Spider
100%
Children of a ___ God Lesser
94%
A History of ___ Violence
94%
Body ___ Heat
88%
Broadcast ___ News
88%
The ___ Tourist Accidental
81%
The Big ___ Chill
81%
___ Park Gorky
81%
Altered ___ States
81%
One ___ Thing True
81%
Dark ___ City
75%
Mr. ___ Wonderful
75%
The ___ Doctor
69%
The ___ Rising Flamingo
63%
No matching quizzes found
Score Distribution
Percent of People with Each Score
Percentile by Number Answered
Your Score History
You have not taken this quiz